Responses for show #3629 - Thursday, May 18, 2000

2000 Tournament of Champions final game 1.
From the Atlanta Civic Center.

Contestants

Steve Fried, a technical support specialist from Phoenix, Arizona

Jeremy Bate, a writer from Los Angeles, California

Robin Carroll, a research assistant from Marietta, Georgia

Jeopardy! Round responses

WAAAY DOWN SOUTH
TELEVISION
TOUGH HISTORY
BACK IN THE '90s
A NOVEL CATEGORY
NEW HAWAIIAN WORDS
    $100 16
(R: What is the Mason-Dixon Line?)

Antarctic Circle

RobinSteve
    $100 2
NYPD Blue

Robin
    $100 26
Mao Tse-tung

Robin
    $100 11
Paula Jones

Robin
    $100 1
Legs Diamond

Jeremy
    $100 21
Home plate

Steve
    $200 20
United States

Steve
    $200 3
Santa Barbara

Steve
    $200 27
Louis XIV

Robin
    $200 12
Singapore

Robin
    $200 7
Willa Cather

Steve
    $200 22
Eyelashes

Steve
    $300 19
Cape Town

Robin
    $300 9
Third Watch

Jeremy
    $900 28
Jefferson Davis

Robin
    $300 13
National Endowment for the Arts

Jeremy
    $300 6
Fyodor Dostoyevsky

Robin
    $300 23
(S: What is make a poker face?)
(J: What is checking?)

Skate

JeremySteve
Triple Stumper
    $400 18
(J: What is Tierra Del Fuego?)

New Zealand

JeremySteve
    $400 8
Malcolm In The Middle

Steve
    $400 29
Theodore Roosevelt

Steve
    $400 14
(S: Who is Eisner?)

Jeffrey Katzenberg

JeremySteve
    $400 4
The Postman Always Rings Twice

Robin
    $400 24
Panda

Steve
    $500 17
Ross Ice Shelf

Steve
    $500 10
Mayor Quimby

Jeremy
    $500 30
Khmer Rouge (Cambodia)

Jeremy
    $500 15
Joseph Cardinal Bernadin

Robin
    $500 5
Bernard Malamud

Triple Stumper
    $500 25
The Sound of Music ("Do-Re-Mi")

Jeremy

Scores at the first commercial break (after clue 15):

Robin Jeremy Steve
$1,600 $1,600 $400

Scores at the end of the Jeopardy! Round:

Robin Jeremy Steve
$3,000 $1,900 $2,400

Double Jeopardy! Round responses

JACOBEAN DRAMA
COCA-COLA
HOLIDAYS & OBSERVANCES
WOMEN
NATIONAL HISTORIC LANDMARKS
QUASI-RELATED PAIRS
    $200 13
Ben Jonson

Jeremy
    $200 8
Sprite

Steve
    $200 3
June

Steve
    $200 18
Tonya Harding

Steve
    $200 23
Captain James Cook

Steve
    $200 1
Fred & Ginger

Robin
    $400 14
King James I

Robin
    $400 9
"Mean" Joe Greene

Steve
    $400 4
UNICEF

Robin
    $400 19
Telegraph

Robin
    $400 25
(S: What is Texas?)

New Mexico

RobinSteve
    $400 2
Proctor & Gamble

Steve
    $600 15
Malfi

Jeremy
    $600 10
Rum

Jeremy
    $600 5
Simon Bolivar

Robin
    $600 20
(J: Who is Agnes De Mille?)

Martha Graham

RobinJeremy
    $600 26
Luther Burbank

Robin
    $600 24
Mutt & Jeff

Jeremy
    $800 16
(J: Who is Marlowe?)

John Fletcher

Jeremy
Triple Stumper
    $800 11
Minute Maid

Steve
    $800 6
Patriots Day

Jeremy
    $800 21
Jane Byrne

Steve
    $800 27
Kentucky

Robin
    $800 29
Blue & Grey

Steve
    $700 17
(J: Who is Christopher Marlowe?)

George Chapman

Jeremy
    $1000 12
Edgar Bergen

Jeremy
    $1000 7
St. Lucia's Day

Triple Stumper
    $1000 22
Susan Faludi

Robin
    $1,600 28
N.C. Wyeth

Robin
    $1000 30
Mother & Child

Jeremy

Scores at the end of the Double Jeopardy! Round:

Robin Jeremy Steve
$10,000 $4,600 $6,000

Final Jeopardy! Round responses

CHIEF JUSTICES OF THE U.S.
(Alex: American history!)
JeremyWho was John Marshall?
$2,400
SteveWho is O.W. Holmes?
$1,500
RobinWho was Earl Warren?
$2,000
John Marshall

Final scores:

Robin Jeremy Steve
$8,000 $7,000 $4,500

Game dynamics:

Coryat scores:

Robin Jeremy Steve
$8,800 $5,300 $6,000
21 R
(including 2 DDs),
1 W
14 R,
5 W
(including 1 DD)
20 R,
3 W

Combined Coryat: $20,100

The J! Archive is created by fans, for fans. The Jeopardy! game show and all elements thereof, including but not limited to copyright and trademark thereto, are the property of Jeopardy Productions, Inc. and are protected under law. This website is not affiliated with, sponsored by, or operated by Jeopardy Productions, Inc. Join the discussion at JBoard.tv.